LEADER 00996nam0-22003731i-450- 001 990002000640403321 005 20130319121928.0 035 $a000200064 035 $aFED01000200064 035 $a(Aleph)000200064FED01 035 $a000200064 100 $a20110615d1960----km-y0itay50------ba 101 0 $aeng 102 $aGB 105 $ay---a---001yy 200 1 $aX-ray microscopy$fV. E. Cosslett, W. C. Nixon 210 $aCambridge$cCambridge University Press$d1960 215 $a406 p.$d22 cm 610 0 $aMicroscopia$aTecniche 610 0 $aCristallografia 610 0 $aRaggi x 676 $a535.322 5 676 $a548 700 1$aCosslett,$bVernon Ellis$020032 701 1$aNixon,$bWilliam Charles$0345948 801 0$aIT$bUNINA$gRICA$2UNIMARC 901 $aBK 912 $a990002000640403321 952 $a61 I A.4/032$b1853$fDAGEN 952 $a37-012.001$b2390$fFI1 959 $aDAGEN 959 $aFI1 996 $aX-ray microscopy$9403253 997 $aUNINA LEADER 00758nam a2200205 a 4500 001 991002096979707536 008 070201s2005 hk 000 0 eng d 020 $a9622096662 035 $ab13475277-39ule_inst 040 $aDip. SSC$bita 100 1 $aKachru, Braj B.$0152019 245 10$aAsian englishes beyond the canon /$cBraj B. Kachru 260 $aHong Kong :$bHong Kong University Press,$c2005 300 $aXXII, 333 p. ;$c23 cm 907 $a.b13475277$b01-02-07$c01-02-07 912 $a991002096979707536 945 $aLE021 FH10G33$g1$i2021000115127$lle021$nGallo$o-$pE0.00$q-$rl$s- $t0$u2$v1$w2$x0$y.i14357574$z01-02-07 996 $aAsian englishes beyond the canon$91095643 997 $aUNISALENTO 998 $ale021$b01-02-07$cm$da $e-$feng$ghk $h0$i0